1979 Engineering Conference proceedings, November 27-29, New Orleans Hilton, New Orleans, LA.

Bibliographic Details
Corporate Authors: Tappi Engineering Conference New Orleans, La., Technical Association of the Pulp and Paper Industry
Format: Conference Proceeding Book
Language:English
Published: Atlanta, Ga. : Technical Association of the Pulp and Paper Industry, [1979-]
Subjects:

MARC

Tag First Indicator Second Indicator Subfields
LEADER 00000cam a2200000 a 4500
001 in00000090860
005 20151008063802.0
008 800225m19799999gaua b 00010 engm
010 |a  79127987  
035 |a (OCoLC)06091049 
035 |9 AAK2922AM 
040 |a DLC  |c DLC  |d m.c.  |d TXA  |d UtOrBLW 
049 |a TXAM  |d [  |v = bk.]  |v 1 [1672675]  |v 2 [1672676]  |v 3 [1672677] 
050 0 0 |a TS1080  |b .T18 1979 
082 0 |a 676 
111 2 |a Tappi Engineering Conference  |d (1979 :  |c New Orleans, La.) 
245 1 0 |a 1979 Engineering Conference proceedings, November 27-29, New Orleans Hilton, New Orleans, LA. 
264 1 |a Atlanta, Ga. :  |b Technical Association of the Pulp and Paper Industry,  |c [1979-] 
264 4 |c ©1979- 
300 |a volumes :  |b illustrations ;  |c 28 cm. 
336 |a text  |b txt  |2 rdacontent 
337 |a unmediated  |b n  |2 rdamedia 
338 |a volume  |b nc  |2 rdacarrier 
504 |a Includes bibliographical references. 
650 0 |a Paper industry  |v Congresses. 
650 0 |a Papermaking machinery  |v Congresses. 
650 0 |a Paper mills  |x Congresses. 
710 2 |a Technical Association of the Pulp and Paper Industry. 
999 |a MARS 
999 f f |s b01e3e5e-faec-3e6b-b429-0aec7084d0c0  |i 1453a38b-56cd-3ff4-94cc-a3b491342251  |t 0 
952 f f |p ric  |a Texas A&M University  |b Rellis Campus  |c Joint Library Facility  |d Remote Storage  |t 0  |e TS1080 .T18 1979  |h Library of Congress classification  |i unmediated -- volume  |k bk.3  |m A14806259133 
952 f f |p ric  |a Texas A&M University  |b Rellis Campus  |c Joint Library Facility  |d Remote Storage  |t 0  |e TS1080 .T18 1979  |h Library of Congress classification  |i unmediated -- volume  |k bk.2  |m A14806259125 
952 f f |p ric  |a Texas A&M University  |b Rellis Campus  |c Joint Library Facility  |d Remote Storage  |t 0  |e TS1080 .T18 1979  |h Library of Congress classification  |i unmediated -- volume  |k bk.1  |m A14806259117 
998 f f |a TS1080 .T18 1979  |s bk.1-bk.3  |t 0  |l Remote Storage